| 000 | 00497nam a2200169 i 4500 | ||
|---|---|---|---|
| 001 | 146041 | ||
| 003 | ES-MaACL | ||
| 005 | 20230906201408.0 | ||
| 007 | t| | ||
| 008 | 071018s1926 pn ||||1| spa d | ||
| 100 | 1 |
_aVelarde, Fabián. _9113702 |
|
| 245 | 1 | 3 |
_aEl Congreso de Panamá en 1826 / _cpor Fabián Velarde y Felipe L. Escobar. |
| 260 |
_aPanamá : _b[s.n., _c1926] ( _fTip. Moderna) |
||
| 300 |
_a168 p. ; _c21 cm. |
||
| 700 | 1 |
_aEscobar, Felipe L. _947548 |
|
| 852 |
_aES-MaACL _jF-4301 |
||
| 999 |
_c146041 _d146041 |
||